000 00472nam a2200169 i 4500
001 141563
003 ES-MaACL
005 20250716063306.0
007 t|
008 070925s1919 fr ||||1| fre d
100 0 _aVoltaire,
_d1694-1778
_9115721
245 1 0 _aHistoire de l'Empire de Russe sous Pierre le Grand /
_cpar Voltaire.
260 _aParis :
_bDabo,
_c1919.
300 _a427 p. ;
_c17 cm.
852 _aES-MaACL
_jG-9043
999 _c141563
_d141563